Catálogo público

Obtención de carne / (Record no. 172922)

MARC details
000 -CABECERA
campo de control de longitud fija 01372nam a2200409Ia 4500
001 - NÚMERO DE CONTROL
campo de control dia_2399
003 - IDENTIFICADOR DEL NÚMERO DE CONTROL
campo de control CHAP
005 - FECHA Y HORA DE LA ÚLTIMA TRANSACCIÓN
campo de control 20251023162616.0
008 - DATOS DE LONGITUD FIJA--INFORMACIÓN GENERAL
campo de control de longitud fija 220117s2009 xx 000 0 und d
010 ## - NÚMERO DE CONTROL DE LA BIBLIOTECA DEL CONGRESO
Número de control de LC 172922
020 ## - NÚMERO INTERNACIONAL ESTÁNDAR DEL LIBRO
Número Internacional Estándar del Libro 978-607-17-0021-6
040 ## - FUENTE DE LA CATALOGACIÓN
Centro/agencia transcriptor CHAP
082 ## - NÚMERO DE LA CLASIFICACIÓN DECIMAL DEWEY
Número de clasificación 664.902 P35 2009
100 ## - ENTRADA PRINCIPAL--NOMBRE DE PERSONA
Nombre de persona Paltrinieri, Gaetano
9 (RLIN) 85035
245 ## - MENCIÓN DE TÍTULO
Título Obtención de carne /
Mención de responsabilidad, etc. Gaetano Paltrinieri ; colaboración Marco R. Meyer, F. R. Kirchner Salinas y M. T. Atilano Díaz
250 ## - MENCIÓN DE EDICIÓN
Mención de edición 3a ed.
260 ## - PUBLICACIÓN, DISTRIBUCIÓN, ETC.
Lugar de publicación, distribución, etc. México :
Nombre del editor, distribuidor, etc. SEP :,
-- Trillas,
Fecha de publicación, distribución, etc. 2009
300 ## - DESCRIPCIÓN FÍSICA
Extensión 110 p.
440 ## - MENCIÓN DE SERIE/PUNTO DE ACCESO ADICIONAL--TÍTULO
Título Manuales para Educación Agropecuaria. Área Industrias rurales
9 (RLIN) 140553
504 ## - NOTA DE BIBLIOGRAFÍA, ETC.
Nota de bibliografía, etc. Bibliografía: p. 107
590 ## - NOTA LOCAL (RLIN)
Nota local SF201 P35 2009
650 ## - PUNTO DE ACCESO ADICIONAL DE MATERIA--TÉRMINO DE MATERIA
Término de materia o nombre geográfico como elemento de entrada Butchering
9 (RLIN) 152757
650 ## - PUNTO DE ACCESO ADICIONAL DE MATERIA--TÉRMINO DE MATERIA
Término de materia o nombre geográfico como elemento de entrada Cortes de carne
9 (RLIN) 145601
650 ## - PUNTO DE ACCESO ADICIONAL DE MATERIA--TÉRMINO DE MATERIA
Término de materia o nombre geográfico como elemento de entrada Criando (animales)
9 (RLIN) 144277
650 ## - PUNTO DE ACCESO ADICIONAL DE MATERIA--TÉRMINO DE MATERIA
Término de materia o nombre geográfico como elemento de entrada Industria del ganado y de la carne
9 (RLIN) 147937
650 ## - PUNTO DE ACCESO ADICIONAL DE MATERIA--TÉRMINO DE MATERIA
Término de materia o nombre geográfico como elemento de entrada Livestock and meat industry
9 (RLIN) 147938
650 ## - PUNTO DE ACCESO ADICIONAL DE MATERIA--TÉRMINO DE MATERIA
Término de materia o nombre geográfico como elemento de entrada Matanza
9 (RLIN) 152758
650 ## - PUNTO DE ACCESO ADICIONAL DE MATERIA--TÉRMINO DE MATERIA
Término de materia o nombre geográfico como elemento de entrada Meat cuts
9 (RLIN) 152759
650 ## - PUNTO DE ACCESO ADICIONAL DE MATERIA--TÉRMINO DE MATERIA
Término de materia o nombre geográfico como elemento de entrada Rearing
9 (RLIN) 152760
700 ## - PUNTO DE ACCESO ADICIONAL--NOMBRE DE PERSONA
Nombre de persona Atilano Díaz, M. T., colab.
9 (RLIN) 152470
700 ## - PUNTO DE ACCESO ADICIONAL--NOMBRE DE PERSONA
Nombre de persona Kirchner Salinas, F. R., colab.
700 ## - PUNTO DE ACCESO ADICIONAL--NOMBRE DE PERSONA
Nombre de persona Meyer, Marco R., colab.
9 (RLIN) 140320
901 ## - ELEMENTOS DE DATOS A LOCAL LDA (RLIN)
a 664.902 P35 2009
902 ## - ELEMENTOS DE DATOS B LOCAL, LDB (RLIN)
a M
905 ## - ELEMENTOS DE DATOS E LOCAL, LDE (RLIN)
a 5232272009 mx ae 8222223322spa16
942 ## - ELEMENTOS DE PUNTO DE ACCESO ADICIONAL (KOHA)
Tipo de ítem Koha Libro
Fuente del sistema de clasificación o colocación Dewey Decimal Classification
Holdings
Estado de retiro Estado de pérdida Fuente del sistema de clasificación o colocación Estado dañado No para préstamo Código de colección Localización permanente Ubicación/localización actual Ubicación en estantería Fecha de adquisición Información codificada de la localización en otra ubicación Total de préstamos Código de barras Fecha visto por última vez Fecha del último préstamo Número de copia Precio válido a partir de Tipo de ítem Koha Signatura topográfica completa
    Dewey Decimal Classification     General Biblioteca Central Biblioteca Central Planta principal - Colección General 13/04/2023   1 33724002572926 11/11/2024 08/11/2024   13/04/2023 Libro 664.902 P35 2009
    Dewey Decimal Classification     General Biblioteca Central Biblioteca Central Planta principal - Colección General 13/04/2023   1 33724002572967 08/11/2024 08/11/2024 c.2 13/04/2023 Libro 664.902 P35 2009
    Dewey Decimal Classification     General Ingenieria Agroindustrial Ingenieria Agroindustrial   18/01/2022 1 6 dia_011035 10/02/2025 04/02/2025 3 18/01/2022 Libro  
    Dewey Decimal Classification     General Ingenieria Agroindustrial Ingenieria Agroindustrial   18/01/2022 1 2 dia_011033 14/05/2025 14/05/2025 1 18/01/2022 Libro  
    Dewey Decimal Classification     General Ingenieria Agroindustrial Ingenieria Agroindustrial   18/01/2022 1 3 dia_011034 01/03/2024 01/03/2024 2 18/01/2022 Libro